Statistics for Random Proposed Flags of U.S. States

Click here to take the quiz!

General Stats

  • This quiz has been taken 17 times
  • The average score is 3 of 5

Answer Stats

Answer% Correct
Oregon
100%
Minnesota
88%
Mississippi
67%
Utah
50%
Kansas
43%
South Dakota
43%
North Dakota
33%
Pennsylvania
33%
Tennessee
33%
New Jersey
17%

Score Distribution

Percentile by Number Answered

Percent of People with Each Score

Your Score History

You have not taken this quiz